| 000 | 00562nam a22001817a 4500 | ||
|---|---|---|---|
| 999 |
_c9407 _d9407 |
||
| 008 | 210410b ||||| |||| 00| 0 eng d | ||
| 040 | _aBMS College of Architecture | ||
| 100 | _aVinay, kirti | ||
| 245 | _aStudies in Affordable housing | ||
| 300 | _a66p. | ||
| 500 | _a1BM09AHD01 | ||
| 502 |
_8M.Arch (Habitat Design) _NBMS College of Architecture, Visvesvaraya Technological University _aDissertation _d2011 |
||
| 650 | _aHousing | ||
| 700 |
_aSathish Rao S _eGuide |
||
| 700 |
_aB S Bhooshan _eGuide |
||
| 700 |
_aMamatha P Raj _eGuide |
||
| 942 |
_2ddc _cPGTHE |
||